| 000 | 00666cam a2200193 4500 | ||
|---|---|---|---|
| 001 | WB3707-24 | ||
| 008 | 000000n2001 000 0 eng u | ||
| 035 | _a(Sirsi) u110965 | ||
| 245 | _aFrench coal mining | ||
| 260 | _c2001 | ||
| 490 |
_aEvening Standard _v15 February 2001, 43(1) |
||
| 520 | _aDiscusses a report by the French government spending watchdog, the Cour des Comptes, says that tax payers face a further bill of almost £13m to close France's remaining handful of mines and meet outstanding liabilities. | ||
| 590 | _aWB | ||
| 650 | _aFRANCE | ||
| 650 | _aCOAL MINES | ||
| 650 | _aCOAL INDUSTRY | ||
| 690 | _aMINING AND MINERALS | ||
| 942 | _n0 | ||
| 999 |
_c66136 _d66136 |
||